000 01301nam a22004090a 4500
001 PT15352
003 AR-LpoUNG
005 20210516202711.0
008 191001s2002||||ag |||||||||||||||||spa d
040 _aAR-LpoUNG
_bspa
_cAR-LpoUNG
_eaacr
041 _aspa
044 _aag
082 0 _a306.01 678ar
111 2 _aCongreso Regional de la Cultura, 1, San Miguel, 2002
245 1 0 _aArtistas, instituciones y trabajadores de la cultura
260 _aBuenos Aires :
_bSOFOVIAL,
_c2002.
505 0 _aPrograma de Desarrollo Local
650 4 _aACUERDOS CULTURALES
650 4 _aARTE
650 4 _aCULTURA POPULAR
650 4 _aCULTURA TRADICIONAL
650 4 _aDERECHO A LA CULTURA
650 4 _aDESARROLLO CULTURAL
650 4 _aDIFUSION DE LA CULTURA
650 4 _aFACTORES CULTURALES
650 4 _aIDENTIDAD CULTURAL
650 4 _aPOLITICA CULTURAL
650 4 _aSOCIEDAD
650 4 _aSOFOVIAL
653 _aVIDEOS
710 2 _aSociedad de Fomento del Video Alternativo (Buenos Aires)
710 2 _aSociedad de Fomento del Video Alternativo (Buenos Aires)
710 2 _aUniversidad Nacional de General Sarmiento. Instituto del Conurbano
710 2 _aUniversidad Nacional de General Sarmiento. Instituto del Conurbano
905 _a15352
942 _cVIDEO
999 _c54214
_d54214